000 00810nam a2200229 4500
001 132561
003 ES-MaACL
005 20230906194212.0
007 t|
008 070214s1965 sp r ||||1| spa d
100 1 _aRomieu, Cl.
_999468
245 1 0 _aSignos y síntomas en cirugía /
_cpor Cl. Romieu, J. Vernhet y H. Pujol ; prefacio del profesor F. de Gaudart d'Allaines ; versión... de Alberto Jornet.
260 _aBarcelona :
_bToray,
_c1965.
300 _aXII, 300 p. :
_bil. ;
_c25 cm.
500 _aTít. orig.: Leçons de semiologie chirurgicale.
700 1 _aVernhet, J.
_9114178
700 1 _aPujol, H.
_994334
700 1 _aGaudart d'Allaines, F. de.
_955989
700 1 _aJornet Cases, A.
_966960
740 0 _aLeçons de semiologie chirurgicale.
852 _aES-MaACL
_jE-669
_bR.56475
999 _c132561
_d132561